Guess the 1970s song lyrics #336 - Statistics

General Stats
  • This quiz has been taken 24 times
  • The average score is 290 of 393
Answer Stats
Answer % Correct
a
100%
I
100%
o
100%
The
100%
the
100%
When
100%
win
100%
down
95%
for
95%
He
95%
he
95%
his
95%
on
95%
to
95%
you
95%
And
89%
and
89%
be
89%
Devil
89%
devil
89%
Georgia
89%
in
89%
there
89%
was
89%
went
89%
fiddle
84%
of
84%
then
84%
ever
79%
I"m
79%
I'm
79%
it
79%
lookin
79%
made
79%
My
79%
No
79%
no
79%
play
79%
soul
79%
steal
79%
that
79%
too
79%
up
79%
your
79%
you're
79%
at
74%
been
74%
Boy
74%
boy
74%
but
74%
But
74%
cause
74%
Cause
74%
if
74%
I'll
74%
me
74%
said
74%
take
74%
tell
74%
this
74%
what
74%
will
74%
with
74%
again
68%
as
68%
beat
68%
best
68%
deal
68%
from
68%
gold
68%
gonna
68%
head
68%
Johnny
68%
knew
68%
know
68%
like
68%
lose
68%
make
68%
ol
68%
out
68%
sun
68%
there's
68%
think
68%
way
68%
Well
68%
back
63%
because
63%
behind
63%
bet
63%
bind
63%
came
63%
Chicken
63%
chicken
63%
fire
63%
Fire
63%
get
63%
give
63%
ground
63%
he'd
63%
house
63%
it's
63%
let
63%
man
63%
risin
63%
run
63%
something
63%
son
63%
than
63%
am
58%
better
58%
bow
58%
demons
58%
due
58%
good
58%
hard
58%
laid
58%
might
58%
name's
58%
Now
58%
played
58%
player
58%
regret
58%
right
58%
sin
58%
told
58%
try
58%
wanna
58%
across
53%
band
53%
bitch
53%
cards
53%
come
53%
deals
53%
Devil's
53%
evil
53%
feet
53%
gets
53%
golden
53%
how
53%
Johnny's
53%
joined
53%
Mountain
53%
once
53%
playin
53%
pretty
53%
riising
53%
rosin
53%
shiny
53%
show
53%
sit
53%
sounded
53%
willing
53%
young
53%
against
47%
bowed
47%
broke
47%
chair
47%
didn't
47%
done
47%
dough
47%
fingertips
47%
finished
47%
flew
47%
Hell's
47%
hiss
47%
loose
47%
pickin
47%
rosined
47%
start
47%
strings
47%
care
42%
dare
42%
hickory
42%
just
42%
stump
42%
bread
37%
guess
37%
jumped
37%
pulled
37%
you'd
37%
boys
32%
case
32%
does
32%
hot
32%
opened
32%
child
26%
pan
26%
Sawin
26%
bite
21%
dog
21%
Granny
16%
No matching quizzes found
Score Distribution
Percent of People with Each Score
Percentile by Number Answered
Your Score History
You have not taken this quiz